Country and Capital Neighbour Connect with Disappearing World Map: Jump to Southernmost, move to Northernmost - Statistics

General Stats
  • This quiz has been taken 1,934 times
  • The average score is 151 of 392
Answers on the Map
Answers color-coded by a green-red scale on the quiz's map according to % correct below.
 
Answer Stats
Hint Hint Country/Capital % Correct
776.7 391.9 New Zealand
100%
776.7 391.9 Wellington
88%
218 384 Chile
78%
208 292 Peru
73%
216.3 247.5 Bogotá
68%
232 235 Caracas
66%
232 235 Venezuela
64%
248 242 Georgetown
62%
254.4 248.1 Paramaribo
62%
386 105 Paris
62%
393 86.9 Amsterdam
61%
391 91 Belgium
61%
404 89.9 Berlin
61%
391 91 Brussels
61%
401.5 73.5 Copenhagen
61%
401.5 73.5 Denmark
61%
386 105 France
61%
404 89.9 Germany
61%
394.3 94.2 Luxembourg
61%
394.3 94.2 Luxembourg (cap)
61%
393 86.9 Netherlands
61%
234 373 Argentina
60%
180.9 203.6 Belize
60%
180.9 203.6 Belmopan
60%
398.4 103.5 Bern
60%
266 294 Brasília
60%
266 294 Brazil
60%
143 66 Canada
60%
216.3 247.5 Colombia
60%
192 228 Costa Rica
60%
437 52 Finland
60%
177.4 210 Guatemala
60%
177.4 210 Guatemala City
60%
248 242 Guyana
60%
437 52 Helsinki
60%
184.5 210.7 Honduras
60%
151 182 Mexico
60%
151 182 Mexico City
60%
188.2 218.1 Nicaragua
60%
401.7 57 Norway
60%
401.7 57 Oslo
60%
143 66 Ottawa
60%
198 232.5 Panama City
60%
414 93.8 Prague
60%
577 52 Russia
60%
414.3 60.5 Stockholm
60%
254.4 248.1 Suriname
60%
414.3 60.5 Sweden
60%
184.5 210.7 Tegucigalpa
60%
153 129 United States
60%
414.2 100.9 Vienna
60%
423.6 87.1 Warsaw
60%
153 129 Washington D.C.
60%
683 342 Australia
59%
683 342 Canberra
59%
180.4 215 El Salvador
59%
180.4 215 San Salvador
59%
234 373 Buenos Aires
57%
204 265.5 Ecuador
57%
236 319 La Paz
57%
208 292 Lima
57%
254.9 370.2 Montevideo
57%
204 265.5 Quito
57%
254.9 370.2 Uruguay
57%
248.9 339.7 Asunción
56%
236 319 Bolivia
56%
248.9 339.7 Paraguay
56%
218 384 Santiago
56%
384.2 167.2 Algeria
55%
384.2 167.2 Algiers
55%
459.1 282.5 Dodoma
55%
448.5 209.5 Khartoum
55%
444 360.5 Lesotho
55%
372 127.5 Madrid
55%
467 309.5 Mozambique
55%
431 365 Pretoria
55%
366 153.5 Rabat
55%
449.6 239.5 South Sudan
55%
419.3 172.9 Tripoli
55%
401 148 Tunis
55%
401 148 Tunisia
55%
453.1 256.6 Uganda
55%
363 82.5 Dublin
54%
363 82.5 Ireland
54%
377 86 London
54%
377 86 United Kingdom
54%
431 365 South Africa
53%
460.3 130.6 Ankara
52%
443.4 81.2 Belarus
52%
423 98 Bratislava
52%
437.8 117.9 Bulgaria
52%
447 171.3 Cairo
52%
427.6 239 Central African Republic
52%
422.6 209.4 Chad
52%
414 93.8 Czech Republic
52%
433 267.2 Democratic Republic of the Congo
52%
439 64.8 Estonia
52%
447 325 Harare
52%
459 157 Jerusalem
52%
450.6 96 Kiev
52%
438 70.6 Latvia
52%
419.3 172.9 Libya
52%
434.3 76.3 Lithuania
52%
444 360.5 Maseru
52%
443.4 81.2 Minsk
52%
577 52 Moscow
52%
423.6 87.1 Poland
52%
438 70.6 Riga
52%
436.7 107.1 Romania
52%
423 98 Slovakia
52%
372 127.5 Spain
52%
467 143 Syria
52%
439 64.8 Tallinn
52%
450.6 96 Ukraine
52%
434.3 76.3 Vilnius
52%
438 310 Zambia
52%
384 118.7 Andorra
51%
384 118.7 Andorra la Vella
51%
414.2 100.9 Austria
51%
427.6 113 Belgrade
51%
436.7 107.1 Bucharest
51%
424.4 103.1 Budapest
51%
444.4 102 Chișinău
51%
418 108 Croatia
51%
424.4 103.1 Hungary
51%
413 106.5 Ljubljana
51%
444.4 102 Moldova
51%
413 106.5 Slovenia
51%
418 108 Zagreb
51%
467 309.5 Maputo
49%
451.3 350.1 Swaziland
49%
470 234.2 Addis Ababa
48%
466.3 209.2 Asmara
48%
461.7 146.8 Beirut
48%
421 113 Bosnia and Herzegovina
48%
467 143 Damascus
48%
447 171.3 Egypt
48%
466.3 209.2 Eritrea
48%
459 157 Israel
48%
465.8 259.9 Kenya
48%
427.5 118.5 Kosovo
48%
461.7 146.8 Lebanon
48%
423.7 117.8 Montenegro
48%
423.7 117.8 Podgorica
48%
427.5 118.5 Pristina
48%
421 113 Sarajevo
48%
427.6 113 Serbia
48%
429.5 121.7 Skopje
48%
437.8 117.9 Sofia
48%
448.5 209.5 Sudan
48%
459.1 282.5 Tanzania
48%
425.5 124 Tirana
48%
460.3 130.6 Turkey
48%
425.5 124 Albania
47%
430 129 Athens
47%
430 129 Greece
47%
429.5 121.7 Macedonia
47%
451.3 350.1 Mbabane
47%
476.4 221.6 Djibouti
46%
476.4 221.6 Djibouti (cap)
46%
470 234.2 Ethiopia
46%
435 336.1 Gaborone
46%
449.6 239.5 Juba
46%
453.1 256.6 Kampala
46%
447.8 267.7 Kigali
46%
433 267.2 Kinshasa
46%
438 310 Lusaka
46%
488 230 Mogadishu
46%
465.8 259.9 Nairobi
46%
488 230 Somalia
46%
447.8 272.6 Burundi
45%
447.8 267.7 Rwanda
45%
420 301.2 Angola
44%
344 216 Banjul
44%
435 336.1 Botswana
44%
447.8 272.6 Bujumbura
44%
407 247 Cameroon
44%
347 212 Dakar
44%
344 216 Gambia
44%
420 301.2 Luanda
44%
377 202.2 Mali
44%
354 195.5 Mauritania
44%
366 153.5 Morocco
44%
418 328 Namibia
44%
422.6 209.4 N'Djamena
44%
403.3 203.9 Niger
44%
354 195.5 Nouakchott
44%
416.9 260.5 Republic of the Congo
44%
347 212 Senegal
44%
418 328 Windhoek
44%
377 202.2 Bamako
43%
427.6 239 Bangui
43%
416.9 260.5 Brazzaville
43%
403.3 203.9 Niamey
43%
398 230.8 Nigeria
43%
377 219 Ouagadougou
43%
407 247 Yaoundé
43%
447 325 Zimbabwe
43%
398 230.8 Abuja
42%
385.7 225 Benin
42%
377 219 Burkina Faso
42%
383 232.4 Togo
42%
347.7 220.3 Bissau
41%
353.3 224.2 Conakry
41%
368 235.9 Cote d'Ivoire
41%
354 232.9 Freetown
41%
378.2 234.5 Ghana
41%
353.3 224.2 Guinea
41%
347.7 220.3 Guinea-Bissau
41%
359.2 239.6 Liberia
41%
359.2 239.6 Monrovia
41%
385.7 225 Porto-Novo
41%
354 232.9 Sierra Leone
41%
368 235.9 Yamoussoukro
41%
486 324.3 Antananarivo
40%
486 324.3 Madagascar
40%
510.1 329.1 Mauritius
40%
798.1 328.7 Nukuʻalofa
40%
510.1 329.1 Port Louis
40%
798.1 328.7 Tonga
40%
802.8 307.7 Apia
39%
782.9 320.1 Fiji
39%
456 307 Lilongwe
39%
456 307 Malawi
39%
755.5 318.6 Port Vila
39%
802.8 307.7 Samoa
39%
782.9 320.1 Suva
39%
755.5 318.6 Vanuatu
39%
479.4 301.4 Comoros
38%
635.5 264 Indonesia
38%
479.4 301.4 Moroni
38%
703.7 282.4 Port Moresby
38%
533 100 Astana
37%
615 140.9 Beijing
37%
548 122 Bishkek
37%
533 100 Kazakhstan
37%
610.3 247.2 Kuala Lumpur
37%
548 122 Kyrgyzstan
37%
597 188.5 Myanmar
37%
608 207.9 Thailand
37%
525 122.5 Uzbekistan
37%
480.5 125 Armenia
36%
513 130.6 Ashgabat
36%
487.6 125 Baku
36%
479 120 Georgia
36%
525 122.5 Tashkent
36%
479 120 Tbilisi
36%
513 130.6 Turkmenistan
36%
487.6 125 Azerbaijan
35%
501.3 152.5 Iran
35%
528 149.2 Kabul
35%
501.3 152.5 Tehran
35%
480.5 125 Yerevan
35%
615 140.9 China
34%
545.2 133.5 Dushanbe
34%
614.2 104.1 Mongolia
34%
545.2 133.5 Tajikistan
34%
614.2 104.1 Ulaanbaatar
34%
742.1 295 Honiara
33%
742.1 295 Solomon Islands
33%
528 149.2 Afghanistan
32%
608 207.9 Bangkok
32%
664.3 290.8 East Timor
32%
535.7 164.2 Islamabad
32%
635.5 264 Jakarta
32%
610.3 247.2 Malaysia
32%
597 188.5 Naypyidaw
32%
556 185.9 New Delhi
32%
664.3 290.8 Dili
31%
556 185.9 India
31%
569.8 166.5 Kathmandu
31%
569.8 166.5 Nepal
31%
535.7 164.2 Pakistan
31%
804.5 282.8 Funafuti
30%
703.7 282.4 Papua New Guinea
30%
804.5 282.8 Tuvalu
30%
505.5 277 Seychelles
29%
505.5 277 Victoria
29%
404 255.8 Equatorial Guinea
28%
406.5 264 Gabon
28%
406.5 264 Libreville
28%
404 255.8 Malabo
28%
756.2 263.4 Nauru
28%
756.2 263.4 Yaren
28%
21 272 Kiribati
27%
395.5 260.6 São Tomé
27%
395.5 260.6 São Tomé and Príncipe
27%
21 272 South Tarawa
27%
545.9 248.9 Maldives
26%
545.9 248.9 Malé
26%
614.2 256.7 Singapore
25%
614.2 256.7 Singapore (cap)
25%
378.2 234.5 Accra
24%
638.6 246.1 Bandar Seri Begawan
24%
638.6 246.1 Brunei
24%
383 232.4 Lomé
24%
717.7 235.2 Federated States of Micronesia
23%
680.5 241.3 Palau
23%
717.7 235.2 Palikir
23%
562 235.3 Sri Jayawardenepura Kotte
23%
562 235.3 Sri Lanka
23%
760.6 232.2 Majuro
22%
188.2 218.1 Managua
22%
760.6 232.2 Marshall Islands
22%
680.5 241.3 Ngerulmud
22%
198 232.5 Panama
22%
192 228 San José
22%
242.5 226.6 Port-of-Spain
21%
242.5 226.6 Trinidad and Tobago
21%
657 220.6 Manila
19%
657 220.6 Philippines
19%
624.3 219.9 Hanoi
18%
610.3 194.9 Laos
18%
616 219.1 Phnom Penh
18%
616 219.1 Cambodia
17%
241.6 220.6 Grenada
17%
610.3 194.9 Vientiane
17%
624.3 219.9 Vietnam
17%
246.5 217 Barbados
16%
246.5 217 Bridgetown
16%
243.2 214.6 Castries
16%
241.6 220.6 Saint George's
16%
243.2 214.6 Saint Lucia
16%
242.7 216.8 Saint Vincent and the Grenadines
16%
326.7 206.9 Cape Verde
15%
242.4 209.5 Dominica
15%
242.7 216.8 Kingstown
15%
326.7 206.9 Praia
15%
242.4 209.5 Roseau
15%
488.3 208.2 Sana'a
15%
462.3 158.9 Amman
14%
478.8 149.9 Baghdad
14%
478.8 149.9 Iraq
14%
462.3 158.9 Jordan
14%
482.1 179.9 Riyadh
14%
502 182.5 Abu Dhabi
13%
487 162.9 Kuwait
13%
487 162.9 Kuwait City
13%
509.33 187.2 Muscat
13%
509.33 187.2 Oman
13%
482.1 179.9 Saudi Arabia
13%
502 182.5 United Arab Emirates
13%
488.3 208.2 Yemen
13%
241.4 204 Antigua and Barbuda
12%
239.4 203.4 Basseterre
12%
241.4 204 Saint John's
12%
239.4 203.4 Saint Kitts and Nevis
12%
206 200.2 Jamaica
11%
206 200.2 Kingston
11%
206 190.2 Cuba
10%
583 181.8 Dhaka
10%
221 197 Dominican Republic
10%
218 196 Haiti
10%
206 190.2 Havana
10%
218 196 Port-au-Prince
10%
221 197 Santo Domingo
10%
652.9 182.1 Taipei
10%
652.9 182.1 Taiwan
10%
209 180.9 Bahamas
9%
494.3 174 Bahrain
9%
583 181.8 Bangladesh
9%
584.1 169.4 Bhutan
9%
495.7 176.2 Doha
9%
494.3 174 Manama
9%
209 180.9 Nassau
9%
495.7 176.2 Qatar
9%
584.1 169.4 Thimphu
9%
455.3 143.7 Cyprus
8%
693.3 140 Japan
8%
412.9 141.1 Malta
8%
455.3 143.7 Nicosia
8%
693.3 140 Tokyo
8%
665.7 127 North Korea
7%
665.7 127 Pyongyang
7%
669 139 South Korea
7%
412.9 141.1 Valletta
7%
341 43 Iceland
6%
361.7 127.6 Lisbon
6%
361.7 127.6 Portugal
6%
341 43 Reykjavík
6%
416.4 124.2 Rome
6%
669 139 Seoul
6%
408.5 120.7 Vatican City (cap)
6%
416.4 124.2 Italy
5%
402 103.1 Liechtenstein
5%
397.2 114.5 Monaco
5%
397.2 114.5 Monaco (cap)
5%
408.5 113.9 San Marino
5%
408.5 113.9 San Marino (cap)
5%
398.4 103.5 Switzerland
5%
402 103.1 Vaduz
5%
408.5 120.7 Vatican City
5%
No matching quizzes found
Score Distribution
Percent of People with Each Score
Percentile by Number Answered
Your Score History
You have not taken this quiz